Is this a major city in Colombia? SUDDEN DEATH - Statistics

General Stats
  • This quiz has been taken 18 times
  • The average score is 11 of 16
Answers on the Grid
Answers color-coded by a green-red scale on the quiz's grid according to % correct below.
Bogota
Barranquilla
La Paz
Cali
Leon
San Antonio
Valencia
Cucuta
Maracaibo
Ibague
Caracas
Yopal
Bello
Montevideo
Bucaramanga
Paramaribo
Santa Fe
Manizales
Pereira
San Salvador
San Andres
Santa Marta
Buenos Aires
Parana
Medellin
Antofagasta
Santo Domingo
Palmira
Barrancabermeja
Tegucigalpa
Asuncion
Popayan
 
Answer Stats
Answer % Correct
Bogota
100%
Bucaramanga
92%
Cali
92%
Barranquilla
85%
Ibague
85%
Cucuta
77%
Medellin
77%
Pereira
77%
Santa Marta
69%
Manizales
62%
San Andres
62%
Barrancabermeja
54%
Popayan
54%
Yopal
54%
Bello
46%
Palmira
46%
No matching quizzes found
Score Distribution
Percent of People with Each Score
Percentile by Number Answered
Your Score History
You have not taken this quiz